[Event "DVM U14 2022"]
[Site "Kelheim GER"]
[Date "2022.12.28"]
[Round "3"]
[White "Nhan, Jinhon Raymon"]
[Black "Bräutigam, Katerina"]
[Result "0-1"]
[Termination "normal"]
[Board "2.1"]
[WhiteElo "1511"]
[BlackElo "1874"]
[WhiteClock "00:06:53"]
[BlackClock "00:17:46"]
[WhiteTeam "Schachvereinigung 1920 Plettenberg e. V."]
[BlackTeam "SK Doppelbauer Kiel"]
[PlyCount "99"]
[WhiteFideId "16284690"]
[BlackFideId "16242980"]
[EventCountry "GER"]
[EventRounds "7"]
[EventType "team-swiss"]
[EventDate "2022.12.26"]

1. d4 {[%clk 01:30:57]} {[%emt 00:00:03]} Nf6 {[%clk 01:30:55]} {[%emt
00:00:05]} 2. c4 {[%clk 01:31:18]} {[%emt 00:00:09]} e6 {[%clk 01:31:21]}
{[%emt 00:00:04]} 3. Nf3 {[%clk 01:31:35]} {[%emt 00:00:13]} b6 {[%clk
01:31:44]} {[%emt 00:00:06]} 4. g3 {[%clk 01:31:44]} {[%emt 00:00:22]} Bb7
{[%clk 01:32:05]} {[%emt 00:00:08]} 5. Bg2 {[%clk 01:32:03]} {[%emt 00:00:12]}
Be7 {[%clk 01:30:36]} {[%emt 00:01:58]} 6. O-O {[%clk 01:31:53]} {[%emt
00:00:40]} O-O {[%clk 01:30:58]} {[%emt 00:00:08]} 7. Nc3 {[%clk 01:32:04]}
{[%emt 00:00:20]} c5 {[%clk 01:24:17]} {[%emt 00:07:10]} 8. Qc2 {[%clk
01:27:19]} {[%emt 00:05:15]} cxd4 {[%clk 01:10:18]} {[%emt 00:14:28]} 9. Nxd4
{[%clk 01:22:12]} {[%emt 00:05:37]} Bxg2 {[%clk 01:06:15]} {[%emt 00:04:33]}
10. Kxg2 {[%clk 01:22:29]} {[%emt 00:00:13]} Qc8 {[%clk 01:03:10]} {[%emt
00:03:34]} 11. b3 {[%clk 01:20:44]} {[%emt 00:02:16]} Nc6 {[%clk 00:56:02]}
{[%emt 00:07:38]} 12. Nf3 {[%clk 01:11:52]} {[%emt 00:09:22]} d5 {[%clk
00:48:48]} {[%emt 00:07:44]} 13. cxd5 {[%clk 01:05:52]} {[%emt 00:06:31]} Nb4
{[%clk 00:48:24]} {[%emt 00:00:53]} 14. Qb2 {[%clk 01:03:16]} {[%emt 00:03:06]}
Nfxd5 {[%clk 00:42:15]} {[%emt 00:06:39]} 15. Nxd5 {[%clk 01:02:23]} {[%emt
00:01:23]} Nxd5 {[%clk 00:41:21]} {[%emt 00:01:23]} 16. Bg5 {[%clk 01:00:24]}
{[%emt 00:02:30]} f6 {[%clk 00:32:47]} {[%emt 00:09:04]} 17. Rac1 {[%clk
01:00:02]} {[%emt 00:00:53]} Qa6 {[%clk 00:32:27]} {[%emt 00:00:49]} 18. e4
{[%clk 00:46:52]} {[%emt 00:13:41]} Ba3 {[%clk 00:30:06]} {[%emt 00:02:50]} 19.
Qd4 {[%clk 00:42:56]} {[%emt 00:04:27]} fxg5 {[%clk 00:21:05]} {[%emt
00:09:32]} 20. exd5 {[%clk 00:38:37]} {[%emt 00:04:48]} Bxc1 {[%clk 00:20:06]}
{[%emt 00:01:28]} 21. Rxc1 {[%clk 00:38:53]} {[%emt 00:00:15]} Qb7 {[%clk
00:16:41]} {[%emt 00:03:54]} 22. Nxg5 {[%clk 00:31:48]} {[%emt 00:07:36]} Qxd5
{[%clk 00:12:57]} {[%emt 00:04:13]} 23. Qxd5 {[%clk 00:31:59]} {[%emt
00:00:20]} exd5 {[%clk 00:13:25]} {[%emt 00:00:02]} 24. Rc7 {[%clk 00:31:29]}
{[%emt 00:01:00]} Rfe8 {[%clk 00:07:13]} {[%emt 00:06:42]} 25. Nf3 {[%clk
00:25:00]} {[%emt 00:07:00]} Re2 {[%clk 00:04:43]} {[%emt 00:03:00]} 26. Rd7
{[%clk 00:21:38]} {[%emt 00:03:52]} Rxa2 {[%clk 00:02:27]} {[%emt 00:02:46]}
27. Rxd5 {[%clk 00:21:55]} {[%emt 00:00:12]} Rc8 {[%clk 00:01:50]} {[%emt
00:01:08]} 28. Ne5 {[%clk 00:21:32]} {[%emt 00:00:54]} Ra5 {[%clk 00:01:26]}
{[%emt 00:00:53]} 29. Rxa5 {[%clk 00:20:53]} {[%emt 00:01:10]} bxa5 {[%clk
00:01:53]} {[%emt 00:00:02]} 30. Nf3 {[%clk 00:11:59]} {[%emt 00:09:23]} Rc3
{[%clk 00:01:23]} {[%emt 00:01:00]} 31. Nd4 {[%clk 00:12:09]} {[%emt 00:00:21]}
Rd3 {[%clk 00:01:22]} {[%emt 00:00:30]} 32. Nc6 {[%clk 00:12:26]} {[%emt
00:00:14]} Rxb3 {[%clk 00:01:44]} {[%emt 00:00:08]} 33. Nxa5 {[%clk 00:12:46]}
{[%emt 00:00:10]} Rb5 {[%clk 00:01:42]} {[%emt 00:00:31]} 34. Nc4 {[%clk
00:12:51]} {[%emt 00:00:25]} a5 {[%clk 00:01:29]} {[%emt 00:00:42]} 35. Kf1
{[%clk 00:12:52]} {[%emt 00:00:29]} Rc5 {[%clk 00:01:15]} {[%emt 00:00:44]} 36.
Na3 {[%clk 00:11:27]} {[%emt 00:01:56]} Kf7 {[%clk 00:01:04]} {[%emt 00:00:40]}
37. Ke2 {[%clk 00:10:29]} {[%emt 00:01:29]} Rd5 {[%clk 00:00:59]} {[%emt
00:00:35]} 38. Ke3 {[%clk 00:07:52]} {[%emt 00:03:07]} a4 {[%clk 00:00:44]}
{[%emt 00:00:45]} 39. Nc2 {[%clk 00:04:14]} {[%emt 00:04:08]} Ke6 {[%clk
00:00:41]} {[%emt 00:00:33]} 40. h4 {[%clk 00:03:34]} {[%emt 00:01:11]} Kd6
{[%clk 00:00:42]} {[%emt 00:00:29]} 41. g4 {[%clk 00:01:59]} {[%emt 00:02:05]}
Kc5 {[%clk 00:25:01]} {[%emt 00:06:11]} 42. f4 {[%clk 00:20:44]} {[%emt
00:11:45]} Kc4 {[%clk 00:22:30]} {[%emt 00:03:00]} 43. Ke4 {[%clk 00:16:20]}
{[%emt 00:04:55]} Rd7 {[%clk 00:21:21]} {[%emt 00:01:37]} 44. f5 {[%clk
00:13:13]} {[%emt 00:03:38]} Kb3 {[%clk 00:17:37]} {[%emt 00:04:13]} 45. Ne1
{[%clk 00:05:38]} {[%emt 00:08:06]} Re7 {[%clk 00:17:02]} {[%emt 00:01:04]} 46.
Kd5 {[%clk 00:05:58]} {[%emt 00:00:11]} Rxe1 {[%clk 00:17:22]} {[%emt
00:00:10]} 47. g5 {[%clk 00:06:20]} {[%emt 00:00:08]} a3 {[%clk 00:17:06]}
{[%emt 00:00:45]} 48. f6 {[%clk 00:06:35]} {[%emt 00:00:16]} gxf6 {[%clk
00:17:29]} {[%emt 00:00:07]} 49. gxf6 {[%clk 00:06:53]} {[%emt 00:00:13]} a2
{[%clk 00:17:46]} {[%emt 00:00:11]} 50. Kd4 {[%emt 00:00:45]} 0-1

[Event "DVM U14 2022"]
[Site "Kelheim GER"]
[Date "2022.12.28"]
[Round "3"]
[White "Bräutigam, Alexander"]
[Black "Nhan, Jiehou"]
[Result "1/2-1/2"]
[Termination "normal"]
[Board "2.2"]
[WhiteElo "1941"]
[BlackElo "1378"]
[WhiteClock "01:23:26"]
[BlackClock "00:13:14"]
[WhiteTeam "SK Doppelbauer Kiel"]
[BlackTeam "Schachvereinigung 1920 Plettenberg e. V."]
[PlyCount "111"]
[WhiteFideId "16245210"]
[BlackFideId "34608214"]
[EventCountry "GER"]
[EventRounds "7"]
[EventType "team-swiss"]
[EventDate "2022.12.26"]

1. c4 {[%clk 01:30:57]} {[%emt 00:00:03]} c5 {[%clk 01:30:16]} {[%emt
00:00:44]} 2. Nc3 {[%clk 01:31:19]} {[%emt 00:00:08]} Nc6 {[%clk 01:30:07]}
{[%emt 00:00:39]} 3. g3 {[%clk 01:31:44]} {[%emt 00:00:05]} g6 {[%clk
01:29:59]} {[%emt 00:00:38]} 4. Bg2 {[%clk 01:32:02]} {[%emt 00:00:12]} Bg7
{[%clk 01:29:54]} {[%emt 00:00:36]} 5. e3 {[%clk 01:32:03]} {[%emt 00:00:28]}
e6 {[%clk 01:28:58]} {[%emt 00:01:26]} 6. Nge2 {[%clk 01:32:26]} {[%emt
00:00:07]} Nge7 {[%clk 01:28:09]} {[%emt 00:01:19]} 7. O-O {[%clk 01:32:42]}
{[%emt 00:00:14]} O-O {[%clk 01:28:12]} {[%emt 00:00:27]} 8. a3 {[%clk
01:32:32]} {[%emt 00:00:40]} d5 {[%clk 01:26:57]} {[%emt 00:01:46]} 9. cxd5
{[%clk 01:32:02]} {[%emt 00:01:00]} exd5 {[%clk 01:26:25]} {[%emt 00:01:02]}
10. d4 {[%clk 01:29:48]} {[%emt 00:02:44]} cxd4 {[%clk 01:23:44]} {[%emt
00:03:11]} 11. Nxd4 {[%clk 01:28:56]} {[%emt 00:01:22]} a6 {[%clk 01:21:35]}
{[%emt 00:02:39]} 12. Nxc6 {[%clk 01:23:48]} {[%emt 00:05:38]} bxc6 {[%clk
01:19:21]} {[%emt 00:02:44]} 13. Qd2 {[%clk 01:22:11]} {[%emt 00:02:07]} Re8
{[%clk 01:14:27]} {[%emt 00:05:25]} 14. b4 {[%clk 01:17:47]} {[%emt 00:04:54]}
Bf5 {[%clk 01:06:19]} {[%emt 00:08:38]} 15. Bb2 {[%clk 01:16:28]} {[%emt
00:01:48]} Nc8 {[%clk 01:02:14]} {[%emt 00:04:36]} 16. Ne2 {[%clk 01:12:07]}
{[%emt 00:04:51]} Bxb2 {[%clk 00:57:38]} {[%emt 00:05:07]} 17. Qxb2 {[%clk
01:12:04]} {[%emt 00:00:33]} Nb6 {[%clk 00:50:54]} {[%emt 00:07:14]} 18. Nd4
{[%clk 01:09:49]} {[%emt 00:02:46]} Qf6 {[%clk 00:46:16]} {[%emt 00:05:08]} 19.
Qc1 {[%clk 01:07:34]} {[%emt 00:02:44]} Nc4 {[%clk 00:43:48]} {[%emt 00:02:58]}
20. Nxf5 {[%clk 01:07:08]} {[%emt 00:00:56]} Qxf5 {[%clk 00:43:57]} {[%emt
00:00:21]} 21. Qc3 {[%clk 01:07:12]} {[%emt 00:00:26]} Ne5 {[%clk 00:37:59]}
{[%emt 00:06:28]} 22. Rac1 {[%clk 01:05:08]} {[%emt 00:02:34]} h5 {[%clk
00:33:48]} {[%emt 00:04:41]} 23. Qd4 {[%clk 01:03:03]} {[%emt 00:02:35]} Rac8
{[%clk 00:31:51]} {[%emt 00:02:26]} 24. Rc3 {[%clk 00:59:07]} {[%emt 00:04:28]}
Nf3 {[%clk 00:27:58]} {[%emt 00:04:22]} 25. Bxf3 {[%clk 00:59:24]} {[%emt
00:00:13]} Qxf3 {[%clk 00:28:25]} {[%emt 00:00:03]} 26. Rfc1 {[%clk 00:59:34]}
{[%emt 00:00:20]} Re6 {[%clk 00:25:55]} {[%emt 00:03:00]} 27. Rc5 {[%clk
00:57:07]} {[%emt 00:02:56]} Rf6 {[%clk 00:22:15]} {[%emt 00:04:10]} 28. R1c2
{[%clk 00:54:49]} {[%emt 00:02:48]} Rf5 {[%clk 00:19:50]} {[%emt 00:02:56]} 29.
R5c3 {[%clk 00:50:26]} {[%emt 00:04:52]} h4 {[%clk 00:15:45]} {[%emt 00:04:36]}
30. e4 {[%clk 00:50:26]} {[%emt 00:00:30]} Qxe4 {[%clk 00:05:51]} {[%emt
00:10:25]} 31. Qxe4 {[%clk 00:50:45]} {[%emt 00:00:10]} dxe4 {[%clk 00:06:08]}
{[%emt 00:00:12]} 32. Rxc6 {[%clk 00:51:00]} {[%emt 00:00:15]} Rxc6 {[%clk
00:06:03]} {[%emt 00:00:35]} 33. Rxc6 {[%clk 00:51:22]} {[%emt 00:00:08]} hxg3
{[%clk 00:05:13]} {[%emt 00:01:20]} 34. hxg3 {[%clk 00:51:33]} {[%emt
00:00:20]} a5 {[%clk 00:05:17]} {[%emt 00:00:26]} 35. Rc5 {[%clk 00:50:51]}
{[%emt 00:01:12]} Rxc5 {[%clk 00:05:00]} {[%emt 00:00:47]} 36. bxc5 {[%clk
00:51:15]} {[%emt 00:00:06]} Kf8 {[%clk 00:05:20]} {[%emt 00:00:11]} 37. Kf1
{[%clk 00:51:35]} {[%emt 00:00:09]} Ke7 {[%clk 00:05:19]} {[%emt 00:00:31]} 38.
Ke2 {[%clk 00:51:48]} {[%emt 00:00:17]} Ke6 {[%clk 00:05:08]} {[%emt 00:00:41]}
39. c6 {[%clk 00:51:53]} {[%emt 00:00:25]} Kd6 {[%clk 00:04:06]} {[%emt
00:01:32]} 40. c7 {[%clk 00:52:06]} {[%emt 00:00:16]} Kxc7 {[%clk 00:04:30]}
{[%emt 00:00:06]} 41. Ke3 {[%clk 00:52:34]} {[%emt 00:00:02]} f5 {[%clk
00:02:58]} {[%emt 00:02:02]} 42. Kf4 {[%clk 00:52:53]} {[%emt 00:00:10]} Kd6
{[%clk 00:03:14]} {[%emt 00:00:14]} 43. Kg5 {[%clk 00:50:06]} {[%emt 00:03:17]}
Ke5 {[%clk 00:03:31]} {[%emt 00:00:13]} 44. Kxg6 {[%clk 00:50:21]} {[%emt
00:00:16]} f4 {[%clk 00:03:53]} {[%emt 00:00:08]} 45. gxf4 {[%clk 00:50:40]}
{[%emt 00:00:11]} Kxf4 {[%clk 00:04:17]} {[%emt 00:00:06]} 46. Kf6 {[%clk
00:51:05]} {[%emt 00:00:07]} a4 {[%clk 00:02:28]} {[%emt 00:02:17]} 47. Ke6
{[%clk 00:51:23]} {[%emt 00:00:12]} e3 {[%clk 00:02:47]} {[%emt 00:00:12]} 48.
fxe3 {[%clk 00:51:47]} {[%emt 00:00:05]} Kxe3 {[%clk 00:03:15]} {[%emt
00:00:02]} 49. Kd5 {[%clk 00:51:42]} {[%emt 00:00:35]} Kd3 {[%clk 00:03:31]}
{[%emt 00:00:14]} 50. Ke5 {[%clk 00:51:45]} {[%emt 00:00:26]} Kc3 {[%clk
00:24:45]} {[%emt 00:09:17]} 51. Ke4 {[%clk 01:22:05]} {[%emt 00:00:11]} Kc2
{[%clk 00:19:16]} {[%emt 00:05:59]} 52. Kd4 {[%clk 01:22:08]} {[%emt 00:00:26]}
Kb3 {[%clk 00:17:09]} {[%emt 00:02:38]} 53. Kd3 {[%clk 01:22:27]} {[%emt
00:00:10]} Kxa3 {[%clk 00:13:32]} {[%emt 00:04:06]} 54. Kc3 {[%clk 01:22:42]}
{[%emt 00:00:15]} Ka2 {[%clk 00:13:30]} {[%emt 00:00:33]} 55. Kc2 {[%clk
01:23:02]} {[%emt 00:00:10]} a3 {[%clk 00:13:14]} {[%emt 00:00:46]} 56. Kc1
{[%clk 01:23:26]} {[%emt 00:00:06]} 1/2-1/2

[Event "DVM U14 2022"]
[Site "Kelheim GER"]
[Date "2022.12.28"]
[Round "3"]
[White "Selter, Julian André"]
[Black "Vollbehr, Bjarne"]
[Result "0-1"]
[Termination "normal"]
[Board "2.3"]
[WhiteElo "1614"]
[BlackElo "1791"]
[WhiteClock "00:34:05"]
[BlackClock "01:07:50"]
[WhiteTeam "Schachvereinigung 1920 Plettenberg e. V."]
[BlackTeam "SK Doppelbauer Kiel"]
[PlyCount "50"]
[WhiteFideId "34608168"]
[BlackFideId "34606025"]
[EventCountry "GER"]
[EventRounds "7"]
[EventType "team-swiss"]
[EventDate "2022.12.26"]

1. e4 {[%clk 01:30:58]} {[%emt 00:00:01]} g6 {[%clk 01:30:49]} {[%emt
00:00:11]} 2. d4 {[%clk 01:31:24]} {[%emt 00:00:04]} Bg7 {[%clk 01:31:15]}
{[%emt 00:00:04]} 3. Nc3 {[%clk 01:31:49]} {[%emt 00:00:05]} a6 {[%clk
01:31:37]} {[%emt 00:00:07]} 4. Be3 {[%clk 01:32:10]} {[%emt 00:00:09]} b5
{[%clk 01:31:49]} {[%emt 00:00:17]} 5. h4 {[%clk 01:32:33]} {[%emt 00:00:07]}
h5 {[%clk 01:32:02]} {[%emt 00:00:18]} 6. Qd2 {[%clk 01:32:32]} {[%emt
00:00:31]} d6 {[%clk 01:32:25]} {[%emt 00:00:07]} 7. Be2 {[%clk 01:32:05]}
{[%emt 00:00:56]} Nf6 {[%clk 01:32:19]} {[%emt 00:00:36]} 8. f3 {[%clk
01:31:15]} {[%emt 00:01:21]} Nbd7 {[%clk 01:30:06]} {[%emt 00:02:42]} 9. O-O-O
{[%clk 01:31:02]} {[%emt 00:00:43]} Bb7 {[%clk 01:30:29]} {[%emt 00:00:07]} 10.
Nh3 {[%clk 01:24:37]} {[%emt 00:06:55]} Rc8 {[%clk 01:30:45]} {[%emt 00:00:13]}
11. Nf2 {[%clk 01:21:42]} {[%emt 00:03:25]} c5 {[%clk 01:30:48]} {[%emt
00:00:27]} 12. Bf4 {[%clk 01:09:46]} {[%emt 00:12:26]} Qa5 {[%clk 01:26:32]}
{[%emt 00:04:46]} 13. e5 {[%clk 01:06:15]} {[%emt 00:04:02]} cxd4 {[%clk
01:25:59]} {[%emt 00:01:02]} 14. Qxd4 {[%clk 01:04:23]} {[%emt 00:02:23]} dxe5
{[%clk 01:24:50]} {[%emt 00:01:39]} 15. Bxe5 {[%clk 01:03:05]} {[%emt
00:01:48]} b4 {[%clk 01:23:34]} {[%emt 00:01:45]} 16. Bxf6 {[%clk 01:02:29]}
{[%emt 00:01:07]} Nxf6 {[%clk 01:23:52]} {[%emt 00:00:12]} 17. Nb1 {[%clk
01:02:27]} {[%emt 00:00:33]} Bh6 {[%clk 01:23:21]} {[%emt 00:01:01]} 18. Nd2
{[%clk 00:58:42]} {[%emt 00:04:14]} Qxa2 {[%clk 01:23:37]} {[%emt 00:00:14]}
19. f4 {[%clk 00:58:50]} {[%emt 00:00:22]} O-O {[%clk 01:21:39]} {[%emt
00:02:28]} 20. Nd3 {[%clk 00:52:34]} {[%emt 00:06:47]} b3 {[%clk 01:18:26]}
{[%emt 00:03:41]} 21. c3 {[%clk 00:52:34]} {[%emt 00:00:30]} Rfd8 {[%clk
01:18:33]} {[%emt 00:00:23]} 22. Qb4 {[%clk 00:51:09]} {[%emt 00:01:55]} Bd5
{[%clk 01:07:06]} {[%emt 00:11:55]} 23. Rhg1 {[%clk 00:38:00]} {[%emt
00:13:43]} a5 {[%clk 01:07:15]} {[%emt 00:00:20]} 24. Qxe7 {[%clk 00:34:05]}
{[%emt 00:04:25]} Rxc3 {[%clk 01:07:28]} 25. bxc3 {[%clk 00:34:05]} Qc2# {[%clk
01:07:50]} {[%emt 00:00:45]} 0-1

[Event "DVM U14 2022"]
[Site "Kelheim GER"]
[Date "2022.12.28"]
[Round "3"]
[White "Li, Luxuan"]
[Black "Dursun, Ali Berk"]
[Result "0-1"]
[Termination "normal"]
[Board "2.4"]
[WhiteElo "1380"]
[BlackElo "1411"]
[WhiteClock "00:05:50"]
[BlackClock "00:13:49"]
[WhiteTeam "SK Doppelbauer Kiel"]
[BlackTeam "Schachvereinigung 1920 Plettenberg e. V."]
[PlyCount "72"]
[WhiteFideId "34617507"]
[BlackFideId "16253396"]
[EventCountry "GER"]
[EventRounds "7"]
[EventType "team-swiss"]
[EventDate "2022.12.26"]

1. e4 {[%clk 01:30:49]} {[%emt 00:00:10]} c6 {[%clk 01:30:51]} {[%emt
00:00:10]} 2. d4 {[%clk 01:31:14]} {[%emt 00:00:05]} d5 {[%clk 01:31:08]}
{[%emt 00:00:14]} 3. e5 {[%clk 01:31:38]} {[%emt 00:00:06]} Bf5 {[%clk
01:31:13]} {[%emt 00:00:25]} 4. Nf3 {[%clk 01:31:45]} {[%emt 00:00:23]} e6
{[%clk 01:31:27]} {[%emt 00:00:16]} 5. Be2 {[%clk 01:31:59]} {[%emt 00:00:15]}
c5 {[%clk 01:31:17]} {[%emt 00:00:41]} 6. O-O {[%clk 01:32:10]} {[%emt
00:00:19]} Nc6 {[%clk 01:31:09]} {[%emt 00:00:38]} 7. c3 {[%clk 01:32:15]}
{[%emt 00:00:26]} cxd4 {[%clk 01:29:31]} {[%emt 00:02:08]} 8. Nxd4 {[%clk
01:32:11]} {[%emt 00:00:33]} Nge7 {[%clk 01:28:52]} {[%emt 00:01:10]} 9. Nxf5
{[%clk 01:24:21]} {[%emt 00:08:20]} Nxf5 {[%clk 01:28:56]} {[%emt 00:00:26]}
10. Bd3 {[%clk 01:24:16]} {[%emt 00:00:34]} g6 {[%clk 01:27:25]} {[%emt
00:02:01]} 11. Bxf5 {[%clk 01:20:03]} {[%emt 00:04:43]} gxf5 {[%clk 01:26:58]}
{[%emt 00:00:57]} 12. Re1 {[%clk 01:14:10]} {[%emt 00:06:22]} Qc7 {[%clk
01:25:57]} {[%emt 00:01:32]} 13. Kh1 {[%clk 01:05:39]} {[%emt 00:09:02]} Nxe5
{[%clk 01:21:20]} {[%emt 00:05:07]} 14. Bf4 {[%clk 01:05:22]} {[%emt 00:00:47]}
Bd6 {[%clk 01:21:08]} {[%emt 00:00:42]} 15. Qa4 {[%clk 01:05:13]} {[%emt
00:00:39]} Nc6 {[%clk 01:19:02]} {[%emt 00:02:36]} 16. Bxd6 {[%clk 01:04:05]}
{[%emt 00:01:37]} Qxd6 {[%clk 01:18:51]} {[%emt 00:00:41]} 17. Na3 {[%clk
01:04:19]} {[%emt 00:00:16]} O-O-O {[%clk 01:07:04]} {[%emt 00:12:17]} 18. c4
{[%clk 00:51:23]} {[%emt 00:13:27]} Qb4 {[%clk 01:02:28]} {[%emt 00:05:06]} 19.
Qxb4 {[%clk 00:47:37]} {[%emt 00:04:16]} Nxb4 {[%clk 01:02:45]} {[%emt
00:00:13]} 20. cxd5 {[%clk 00:44:43]} {[%emt 00:03:24]} Rxd5 {[%clk 01:02:17]}
{[%emt 00:00:58]} 21. Re2 {[%clk 00:35:42]} {[%emt 00:09:31]} Rhd8 {[%clk
00:57:13]} {[%emt 00:05:33]} 22. g3 {[%clk 00:29:37]} {[%emt 00:06:35]} Rd2
{[%clk 00:51:30]} {[%emt 00:06:14]} 23. Rxd2 {[%clk 00:26:01]} {[%emt
00:04:06]} Rxd2 {[%clk 00:51:45]} {[%emt 00:00:14]} 24. Nc4 {[%clk 00:26:14]}
{[%emt 00:00:17]} Rxf2 {[%clk 00:47:43]} {[%emt 00:04:33]} 25. a3 {[%clk
00:25:13]} {[%emt 00:01:32]} Nd3 {[%clk 00:46:08]} {[%emt 00:02:05]} 26. Nd6
{[%clk 00:23:53]} {[%emt 00:01:49]} Kc7 {[%clk 00:46:00]} {[%emt 00:00:37]} 27.
Nxf7 {[%clk 00:23:56]} {[%emt 00:00:27]} Rxb2 {[%clk 00:44:33]} {[%emt
00:01:58]} 28. Ng5 {[%clk 00:22:40]} {[%emt 00:01:45]} e5 {[%clk 00:39:50]}
{[%emt 00:05:13]} 29. Nxh7 {[%clk 00:19:04]} {[%emt 00:04:07]} e4 {[%clk
00:36:50]} {[%emt 00:03:30]} 30. Nf6 {[%clk 00:18:16]} {[%emt 00:01:17]} Kc6
{[%clk 00:35:24]} {[%emt 00:01:56]} 31. h4 {[%clk 00:16:26]} {[%emt 00:02:20]}
e3 {[%clk 00:33:27]} {[%emt 00:02:27]} 32. h5 {[%clk 00:15:42]} {[%emt
00:01:14]} Ne5 {[%clk 00:19:58]} {[%emt 00:13:58]} 33. h6 {[%clk 00:10:26]}
{[%emt 00:05:45]} Nf3 {[%clk 00:20:00]} {[%emt 00:00:28]} 34. Rc1 {[%clk
00:09:58]} {[%emt 00:00:59]} Kd6 {[%clk 00:15:56]} {[%emt 00:04:34]} 35. Ne8
{[%clk 00:05:45]} {[%emt 00:04:42]} Ke7 {[%clk 00:15:30]} {[%emt 00:00:56]} 36.
Rc7 {[%clk 00:05:50]} {[%emt 00:00:25]} Kxe8 {[%clk 00:13:49]} {[%emt
00:00:40]} 0-1

[Event "DVM U14 2022"]
[Site "Kelheim GER"]
[Date "2022.12.28"]
[Round "3"]
[White "Haubold, Sebastian"]
[Black "Korchynskyi, Mykola"]
[Result "1/2-1/2"]
[Termination "normal"]
[Board "3.1"]
[WhiteElo "1998"]
[BlackElo "1861"]
[WhiteClock "00:19:03"]
[BlackClock "00:44:37"]
[WhiteTeam "SG Einheit Staßfurt"]
[BlackTeam "Schachfreunde Essen-Katernberg 04/32 e. V."]
[PlyCount "55"]
[WhiteFideId "16259637"]
[BlackFideId "34138005"]
[EventCountry "GER"]
[EventRounds "7"]
[EventType "team-swiss"]
[EventDate "2022.12.26"]

1. e4 {[%clk 01:30:57]} {[%emt 00:00:03]} e6 {[%clk 01:30:54]} {[%emt
00:00:07]} 2. d4 {[%clk 01:31:14]} {[%emt 00:00:13]} d5 {[%clk 01:31:20]}
{[%emt 00:00:04]} 3. Nd2 {[%clk 01:31:27]} {[%emt 00:00:16]} c5 {[%clk
01:31:28]} {[%emt 00:00:22]} 4. exd5 {[%clk 01:31:12]} {[%emt 00:00:44]} Qxd5
{[%clk 01:31:49]} {[%emt 00:00:09]} 5. Ngf3 {[%clk 01:31:37]} {[%emt 00:00:07]}
cxd4 {[%clk 01:32:12]} {[%emt 00:00:06]} 6. Bc4 {[%clk 01:31:53]} {[%emt
00:00:13]} Qd6 {[%clk 01:32:31]} {[%emt 00:00:13]} 7. O-O {[%clk 01:31:59]}
{[%emt 00:00:23]} Nf6 {[%clk 01:32:51]} {[%emt 00:00:10]} 8. Nb3 {[%clk
01:32:06]} {[%emt 00:00:24]} Nc6 {[%clk 01:33:12]} {[%emt 00:00:09]} 9. Nbxd4
{[%clk 01:32:10]} {[%emt 00:00:25]} Nxd4 {[%emt 00:00:18]} 10. Nxd4 {[%clk
01:32:22]} {[%emt 00:00:16]} Be7 {[%clk 01:33:36]} {[%emt 00:00:21]} 11. c3
{[%clk 01:24:34]} {[%emt 00:08:17]} O-O {[%clk 01:33:53]} {[%emt 00:00:13]} 12.
Qf3 {[%clk 01:17:57]} {[%emt 00:07:06]} Qc7 {[%clk 01:30:06]} {[%emt 00:04:16]}
13. Bd3 {[%clk 01:08:19]} {[%emt 00:10:10]} Bd7 {[%clk 01:29:11]} {[%emt
00:01:24]} 14. Re1 {[%clk 01:05:02]} {[%emt 00:03:48]} Bc6 {[%clk 01:27:34]}
{[%emt 00:02:07]} 15. Qh3 {[%clk 00:58:19]} {[%emt 00:07:12]} Rfe8 {[%clk
01:16:22]} {[%emt 00:11:42]} 16. Bg5 {[%clk 00:52:42]} {[%emt 00:06:07]} g6
{[%clk 01:14:22]} {[%emt 00:02:31]} 17. Bh6 {[%clk 00:34:17]} {[%emt 00:18:55]}
Bf8 {[%clk 01:05:08]} {[%emt 00:09:43]} 18. a4 {[%clk 00:28:06]} {[%emt
00:06:41]} e5 {[%clk 00:59:46]} {[%emt 00:05:52]} 19. Nxc6 {[%clk 00:27:48]}
{[%emt 00:00:49]} bxc6 {[%clk 00:59:44]} {[%emt 00:00:32]} 20. Bg5 {[%clk
00:26:42]} {[%emt 00:01:36]} Bg7 {[%clk 00:52:06]} {[%emt 00:08:08]} 21. Bxf6
{[%clk 00:25:02]} {[%emt 00:02:11]} Bxf6 {[%clk 00:52:32]} {[%emt 00:00:04]}
22. Qf3 {[%clk 00:25:14]} {[%emt 00:00:17]} Bg7 {[%clk 00:52:41]} {[%emt
00:00:22]} 23. Bc4 {[%clk 00:24:25]} {[%emt 00:01:18]} Re7 {[%clk 00:51:25]}
{[%emt 00:01:46]} 24. Rad1 {[%clk 00:23:06]} {[%emt 00:01:49]} Kh8 {[%clk
00:48:29]} {[%emt 00:03:27]} 25. Bb5 {[%clk 00:20:42]} {[%emt 00:02:53]} Re6
{[%clk 00:47:10]} {[%emt 00:01:49]} 26. Bc4 {[%clk 00:20:05]} {[%emt 00:01:08]}
Re7 {[%clk 00:47:28]} {[%emt 00:00:11]} 27. Bb5 {[%clk 00:20:20]} {[%emt
00:00:15]} Re6 {[%clk 00:44:37]} {[%emt 00:03:20]} 28. Bc4 {[%clk 00:19:03]}
{[%emt 00:01:46]} 1/2-1/2